| 000 | 00870aam a2200289 i 4500 | ||
|---|---|---|---|
| 001 | 768714001 | ||
| 003 | CO-MdFUSB | ||
| 005 | 20250918172709.0 | ||
| 007 | ta | ||
| 008 | 250918t1959 cl ||||| |||| 00| 0 spa d | ||
| 040 |
_aCO-MdFUSB _bspa _cCO-MdFUSB _dCO-MdFUSB _erda |
||
| 041 | 0 | _aspa | |
| 082 | 0 | 4 |
_223 _a251 _bE9242p |
| 100 | 1 |
_aEvans, William _eautor |
|
| 240 | _aHow to prepare sermons and gospel adresses | ||
| 245 | 1 | 0 |
_aLa proclamación del mensaje : _bun manual de homilética _c/ William Evans ; Traducido por Guido A. Bucher |
| 264 | 1 |
_bAlianza, _aTemuco, Chile : _c[1959] |
|
| 264 | 4 | _c©1959 | |
| 300 | _a150 páginas | ||
| 336 |
_atexto _btxt _2rdacontent |
||
| 337 |
_2rdamedia _asin mediación _bn |
||
| 338 |
_2rdacarrier _avolumen _bnc |
||
| 563 | _aRústico | ||
| 653 | _aHomilética | ||
| 942 | _cBK | ||
| 945 | _aElías Tolentino | ||
| 999 |
_c36271 _d36271 |
||